[Event "Elite Hotels Open 2025"]
[Site "Elite Stadshotellet, Växjö, Sweden"]
[Date "2025.02.07"]
[Round "1.8"]
[White "Jacobsen, Mikkel Manosri"]
[Black "Eriksson, Magnus"]
[Result "1-0"]
[TimeControl "R1-4: 15 min + 5 sek, R5-8: 90 min + 30 sek"]
[WhiteTitle "FM"]
[WhiteElo "2314"]
[BlackElo "1875"]

1. d4 {[%clk 00:15:07]} {[%emt 00:00:02]} f5 {[%clk 00:15:06]} {[%emt
00:00:05]} 2. Nf3 {[%clk 00:15:09]} {[%emt 00:00:03]} Nf6 {[%clk 00:15:08]}
{[%emt 00:00:03]} 3. Bf4 {[%clk 00:15:11]} {[%emt 00:00:02]} g6 {[%clk
00:14:56]} {[%emt 00:00:18]} 4. e3 {[%clk 00:14:59]} {[%emt 00:00:17]} Bg7
{[%clk 00:14:53]} {[%emt 00:00:07]} 5. Be2 {[%clk 00:15:02]} {[%emt 00:00:02]}
O-O {[%clk 00:14:46]} {[%emt 00:00:13]} 6. O-O {[%clk 00:15:03]} {[%emt
00:00:03]} d6 {[%clk 00:14:49]} {[%emt 00:00:03]} 7. h3 {[%clk 00:15:06]}
{[%emt 00:00:02]} c6 {[%clk 00:14:02]} {[%emt 00:00:52]} 8. c4 {[%clk
00:15:06]} {[%emt 00:00:06]} h6 {[%clk 00:13:35]} {[%emt 00:00:32]} 9. Nc3
{[%clk 00:15:04]} {[%emt 00:00:07]} Qe8 {[%clk 00:13:02]} {[%emt 00:00:37]} 10.
Rc1 {[%clk 00:14:13]} {[%emt 00:00:56]} Nbd7 {[%clk 00:12:50]} {[%emt
00:00:18]} 11. d5 {[%clk 00:14:08]} {[%emt 00:00:09]} a5 {[%clk 00:11:10]}
{[%emt 00:01:46]} 12. Bh2 {[%clk 00:12:35]} {[%emt 00:01:37]} Nc5 {[%clk
00:10:52]} {[%emt 00:00:23]} 13. Nd4 {[%clk 00:12:16]} {[%emt 00:00:25]} Bd7
{[%clk 00:10:49]} {[%emt 00:00:08]} 14. Bf3 {[%clk 00:11:08]} {[%emt 00:01:13]}
Nfe4 {[%clk 00:10:30]} {[%emt 00:00:24]} 15. Bxe4 {[%clk 00:08:19]} {[%emt
00:02:54]} fxe4 {[%clk 00:09:57]} {[%emt 00:00:37]} 16. Qc2 {[%clk 00:08:09]}
{[%emt 00:00:16]} cxd5 {[%clk 00:06:09]} {[%emt 00:03:52]} 17. cxd5 {[%clk
00:08:08]} {[%emt 00:00:06]} Nd3 {[%clk 00:06:04]} {[%emt 00:00:11]} 18. Rcd1
{[%clk 00:07:45]} {[%emt 00:00:27]} Rc8 {[%clk 00:05:46]} {[%emt 00:00:24]} 19.
Qb1 {[%clk 00:07:19]} {[%emt 00:00:31]} Bxd4 {[%clk 00:05:36]} {[%emt
00:00:14]} 20. exd4 {[%clk 00:06:47]} {[%emt 00:00:37]} Qf7 {[%clk 00:04:37]}
{[%emt 00:01:05]} 21. Nxe4 {[%clk 00:06:37]} {[%emt 00:00:15]} Nb4 {[%clk
00:04:37]} {[%emt 00:00:04]} 22. Nc3 {[%clk 00:06:35]} {[%emt 00:00:07]} Nxd5
{[%clk 00:04:31]} {[%emt 00:00:12]} 23. Nxd5 {[%clk 00:06:36]} {[%emt
00:00:04]} Qxd5 {[%clk 00:04:34]} 24. Qxg6+ {[%clk 00:06:39]} {[%emt 00:00:02]}
1-0

[Event "Elite Hotels Open 2025"]
[Site "Elite Stadshotellet, Växjö, Sweden"]
[Date "2025.02.07"]
[Round "1.9"]
[White "Bergqvist, Morris"]
[Black "Ostlund, Joar"]
[Result "0-1"]
[TimeControl "R1-4: 15 min + 5 sek, R5-8: 90 min + 30 sek"]
[BlackTitle "FM"]
[WhiteElo "1871"]
[BlackElo "2312"]

1. d4 {[%clk 00:14:53]} {[%emt 00:00:17]} Nf6 {[%clk 00:15:06]} {[%emt
00:00:04]} 2. Nc3 {[%clk 00:14:53]} {[%emt 00:00:06]} d5 {[%clk 00:15:07]}
{[%emt 00:00:03]} 3. Bf4 {[%clk 00:14:56]} {[%emt 00:00:03]} c5 {[%clk
00:15:06]} {[%emt 00:00:05]} 4. e4 {[%clk 00:13:50]} {[%emt 00:01:11]} Nxe4
{[%clk 00:14:30]} {[%emt 00:00:40]} 5. Nxe4 {[%clk 00:13:37]} {[%emt 00:00:20]}
dxe4 {[%clk 00:14:32]} {[%emt 00:00:03]} 6. dxc5 {[%clk 00:13:39]} {[%emt
00:00:03]} Nd7 {[%clk 00:14:07]} {[%emt 00:00:29]} 7. Qd4 {[%clk 00:09:08]}
{[%emt 00:04:37]} e5 {[%clk 00:13:47]} {[%emt 00:00:24]} 8. Bxe5 {[%clk
00:07:47]} {[%emt 00:01:27]} Bxc5 {[%clk 00:13:44]} {[%emt 00:00:08]} 9. Qc3
{[%clk 00:05:46]} {[%emt 00:02:06]} Qe7 {[%clk 00:12:21]} {[%emt 00:01:27]} 10.
O-O-O {[%clk 00:02:33]} {[%emt 00:03:18]} Qxe5 {[%clk 00:11:17]} {[%emt
00:01:09]} 11. Qc4 {[%clk 00:01:35]} {[%emt 00:01:03]} O-O {[%clk 00:09:27]}
{[%emt 00:01:55]} 12. Rd5 {[%clk 00:01:21]} {[%emt 00:00:20]} Qf4+ {[%clk
00:08:04]} {[%emt 00:01:27]} 13. Kb1 {[%clk 00:01:18]} {[%emt 00:00:09]} Qxf2
{[%clk 00:07:39]} {[%emt 00:00:29]} 14. Rd1 {[%clk 00:00:40]} {[%emt 00:00:43]}
Nb6 {[%clk 00:07:09]} {[%emt 00:00:35]} 15. Qxe4 {[%clk 00:00:36]} {[%emt
00:00:10]} Bf5 {[%clk 00:06:31]} {[%emt 00:00:42]} 16. Qe2 {[%clk 00:00:28]}
{[%emt 00:00:13]} Rad8 {[%clk 00:05:13]} {[%emt 00:01:23]} 17. Nf3 {[%clk
00:00:11]} {[%emt 00:00:23]} Nc4 {[%clk 00:04:30]} {[%emt 00:00:46]} 18. Rxd8
{[%clk 00:00:07]} {[%emt 00:00:11]} Rxd8 {[%clk 00:04:31]} {[%emt 00:00:03]} 19.
a4 {[%clk 00:00:08]} {[%emt 00:00:05]} Nd2+ {[%clk 00:03:09]} {[%emt 00:01:27]}
20. Nxd2 {[%clk 00:00:11]} {[%emt 00:00:02]} Qxe2 {[%clk 00:03:12]} {[%emt
00:00:02]} 21. Bxe2 {[%clk 00:00:15]} {[%emt 00:00:02]} Rxd2 {[%clk 00:03:14]}
{[%emt 00:00:02]} 22. Bf3 {[%clk 00:00:15]} {[%emt 00:00:05]} Rxc2 {[%clk
00:02:55]} {[%emt 00:00:23]} 23. Ka2 {[%clk 00:00:09]} {[%emt 00:00:13]} Be6+
{[%clk 00:01:21]} {[%emt 00:01:39]} 24. Kb1 {[%clk 00:00:13]} Rd2 {[%clk
00:01:07]} {[%emt 00:00:19]} 25. Rc1 {[%clk 00:00:09]} {[%emt 00:00:09]} Bd4
{[%clk 00:00:57]} {[%emt 00:00:14]} 26. Bxb7 {[%clk 00:00:06]} {[%emt
00:00:09]} Rxb2+ {[%clk 00:00:59]} {[%emt 00:00:02]} 27. Ka1 {[%clk 00:00:09]}
{[%emt 00:00:02]} Rxb7+ {[%clk 00:01:01]} {[%emt 00:00:03]} 0-1

[Event "Elite Hotels Open 2025"]
[Site "Elite Stadshotellet, Växjö, Sweden"]
[Date "2025.02.07"]
[Round "1.10"]
[White "Ernst, Thomas"]
[Black "Madevan Vaishnavi, Yaashvan"]
[Result "1-0"]
[TimeControl "R1-4: 15 min + 5 sek, R5-8: 90 min + 30 sek"]
[WhiteTitle "GM"]
[WhiteElo "2299"]
[BlackElo "1867"]

1. e4 {[%clk 00:15:08]} {[%emt 00:00:02]} c5 {[%clk 00:15:09]} {[%emt
00:00:02]} 2. Nf3 {[%clk 00:15:11]} {[%emt 00:00:02]} g6 {[%clk 00:15:12]}
{[%emt 00:00:01]} 3. c4 {[%clk 00:15:13]} {[%emt 00:00:03]} Nc6 {[%clk
00:15:13]} {[%emt 00:00:04]} 4. d4 {[%clk 00:15:14]} {[%emt 00:00:04]} cxd4
{[%clk 00:15:16]} {[%emt 00:00:02]} 5. Nxd4 {[%clk 00:15:17]} {[%emt 00:00:02]}
Bg7 {[%clk 00:15:19]} {[%emt 00:00:01]} 6. Be3 {[%clk 00:15:17]} {[%emt
00:00:06]} d6 {[%clk 00:15:11]} {[%emt 00:00:13]} 7. Nc3 {[%clk 00:15:13]}
{[%emt 00:00:09]} Nf6 {[%clk 00:15:13]} {[%emt 00:00:02]} 8. Be2 {[%clk
00:15:12]} {[%emt 00:00:07]} Bd7 {[%clk 00:15:08]} {[%emt 00:00:11]} 9. O-O
{[%clk 00:15:07]} {[%emt 00:00:09]} O-O {[%clk 00:15:09]} {[%emt 00:00:04]} 10.
f3 {[%clk 00:14:51]} {[%emt 00:00:20]} Re8 {[%clk 00:13:46]} {[%emt 00:01:28]}
11. Qd2 {[%clk 00:14:42]} {[%emt 00:00:14]} Nxd4 {[%clk 00:13:20]} {[%emt
00:00:32]} 12. Bxd4 {[%clk 00:14:43]} {[%emt 00:00:04]} Bc6 {[%clk 00:13:21]}
{[%emt 00:00:04]} 13. b4 {[%clk 00:14:00]} {[%emt 00:00:48]} a6 {[%clk
00:12:54]} {[%emt 00:00:32]} 14. a4 {[%clk 00:13:18]} {[%emt 00:00:47]} b6
{[%clk 00:08:32]} {[%emt 00:04:26]} 15. a5 {[%clk 00:11:03]} {[%emt 00:02:21]}
bxa5 {[%clk 00:08:00]} {[%emt 00:00:38]} 16. Rxa5 {[%clk 00:11:04]} {[%emt
00:00:03]} Bb7 {[%clk 00:07:11]} {[%emt 00:00:54]} 17. Kh1 {[%clk 00:10:42]}
{[%emt 00:00:27]} Qc7 {[%clk 00:04:08]} {[%emt 00:03:07]} 18. Raa1 {[%clk
00:10:33]} {[%emt 00:00:15]} Bc6 {[%clk 00:00:15]} {[%emt 00:03:58]} 19. Rab1
{[%clk 00:10:04]} {[%emt 00:00:33]} 1-0

[Event "Elite Hotels Open 2025"]
[Site "Elite Stadshotellet, Växjö, Sweden"]
[Date "2025.02.07"]
[Round "1.11"]
[White "Knudsen, Andre"]
[Black "Cederstam, Carl"]
[Result "0-1"]
[TimeControl "R1-4: 15 min + 5 sek, R5-8: 90 min + 30 sek"]
[BlackTitle "FM"]
[WhiteElo "1866"]
[BlackElo "2264"]

1. d4 {[%clk 00:15:07]} {[%emt 00:00:02]} Nf6 {[%clk 00:15:06]} {[%emt
00:00:04]} 2. Bf4 {[%clk 00:15:09]} {[%emt 00:00:03]} b6 {[%clk 00:15:09]}
{[%emt 00:00:01]} 3. Nf3 {[%clk 00:15:04]} {[%emt 00:00:11]} Bb7 {[%clk
00:15:12]} {[%emt 00:00:03]} 4. e3 {[%clk 00:15:03]} {[%emt 00:00:06]} Nh5
{[%clk 00:15:15]} {[%emt 00:00:02]} 5. Bg3 {[%clk 00:15:06]} {[%emt 00:00:02]}
Nxg3 6. hxg3 {[%clk 00:15:09]} g6 {[%clk 00:14:53]} {[%emt 00:00:30]} 7. Bc4
{[%clk 00:15:02]} {[%emt 00:00:12]} e6 {[%clk 00:14:39]} {[%emt 00:00:19]} 8.
c3 {[%clk 00:14:59]} {[%emt 00:00:08]} Bg7 {[%clk 00:14:39]} {[%emt 00:00:04]}
9. Nbd2 {[%clk 00:15:02]} {[%emt 00:00:02]} O-O {[%clk 00:14:37]} {[%emt
00:00:08]} 10. Qe2 {[%clk 00:14:33]} {[%emt 00:00:34]} a6 {[%clk 00:14:16]}
{[%emt 00:00:26]} 11. a4 {[%clk 00:14:34]} {[%emt 00:00:04]} d6 {[%clk
00:14:11]} {[%emt 00:00:11]} 12. e4 {[%clk 00:12:44]} {[%emt 00:01:54]} Nd7
{[%clk 00:13:43]} {[%emt 00:00:32]} 13. e5 {[%clk 00:12:08]} {[%emt 00:00:42]}
dxe5 {[%clk 00:12:46]} {[%emt 00:01:02]} 14. dxe5 {[%clk 00:12:11]} {[%emt
00:00:02]} b5 {[%clk 00:12:41]} {[%emt 00:00:11]} 15. Bb3 {[%clk 00:09:11]}
{[%emt 00:03:04]} Nc5 {[%clk 00:12:29]} {[%emt 00:00:17]} 16. Bc2 {[%clk
00:09:14]} {[%emt 00:00:03]} bxa4 {[%clk 00:12:25]} {[%emt 00:00:08]} 17. Rd1
{[%clk 00:08:10]} {[%emt 00:01:10]} Qe7 {[%clk 00:12:20]} {[%emt 00:00:09]} 18.
Rh4 {[%clk 00:07:59]} {[%emt 00:00:17]} Bc6 {[%clk 00:12:06]} {[%emt 00:00:17]}
19. Qe3 {[%clk 00:07:55]} {[%emt 00:00:10]} Rfd8 {[%clk 00:10:33]} {[%emt
00:01:37]} 20. Rc4 {[%clk 00:06:58]} {[%emt 00:01:04]} Rd5 {[%clk 00:10:36]}
{[%emt 00:00:02]} 21. Ne4 {[%clk 00:06:24]} {[%emt 00:00:38]} Rxd1+ {[%clk
00:10:26]} {[%emt 00:00:16]} 22. Bxd1 {[%clk 00:06:25]} {[%emt 00:00:04]} Bxe4
{[%clk 00:10:19]} {[%emt 00:00:11]} 23. Rxe4 {[%clk 00:06:29]} Nxe4 24. Qxe4
{[%clk 00:06:33]} Rb8 {[%clk 00:10:09]} {[%emt 00:00:13]} 25. Qxa4 {[%clk
00:05:10]} {[%emt 00:01:29]} Rxb2 {[%clk 00:09:52]} {[%emt 00:00:23]} 26. Qxa6
{[%clk 00:05:12]} {[%emt 00:00:01]} Qc5 {[%clk 00:09:48]} {[%emt 00:00:09]} 27.
Qd3 {[%clk 00:03:54]} {[%emt 00:01:24]} Bxe5 {[%clk 00:09:40]} {[%emt
00:00:13]} 28. Nxe5 {[%clk 00:03:58]} Qxe5+ {[%clk 00:09:43]} {[%emt 00:00:03]}
29. Kf1 {[%clk 00:04:02]} Qd6 {[%clk 00:09:39]} {[%emt 00:00:08]} 0-1

[Event "Elite Hotels Open 2025"]
[Site "Elite Stadshotellet, Växjö, Sweden"]
[Date "2025.02.07"]
[Round "1.12"]
[White "Medhus, Vitus Bondo"]
[Black "Walinder, Jonas"]
[Result "1-0"]
[TimeControl "R1-4: 15 min + 5 sek, R5-8: 90 min + 30 sek"]
[WhiteTitle "FM"]
[WhiteElo "2261"]
[BlackElo "1864"]

1. d4 {[%clk 00:15:06]} {[%emt 00:00:04]} Nf6 {[%clk 00:15:07]} {[%emt
00:00:04]} 2. Nc3 {[%clk 00:15:09]} {[%emt 00:00:02]} d5 {[%clk 00:15:07]}
{[%emt 00:00:04]} 3. Bf4 {[%clk 00:15:12]} {[%emt 00:00:02]} e6 {[%clk
00:15:08]} {[%emt 00:00:05]} 4. Nb5 {[%clk 00:15:15]} {[%emt 00:00:02]} Na6
{[%clk 00:15:10]} {[%emt 00:00:03]} 5. e3 {[%clk 00:15:19]} {[%emt 00:00:02]}
Bd6 {[%clk 00:14:47]} {[%emt 00:00:27]} 6. Nxd6+ {[%clk 00:15:20]} {[%emt
00:00:04]} cxd6 {[%clk 00:14:49]} {[%emt 00:00:03]} 7. Bb5+ {[%clk 00:15:06]}
{[%emt 00:00:19]} Bd7 {[%clk 00:14:29]} {[%emt 00:00:26]} 8. Bxa6 {[%clk
00:15:08]} {[%emt 00:00:02]} bxa6 {[%clk 00:14:30]} {[%emt 00:00:04]} 9. Bxd6
{[%clk 00:14:57]} {[%emt 00:00:15]} Ne4 {[%clk 00:14:27]} {[%emt 00:00:08]} 10.
Ba3 {[%clk 00:14:48]} {[%emt 00:00:15]} Qa5+ {[%clk 00:13:59]} {[%emt
00:00:33]} 11. c3 {[%clk 00:14:50]} {[%emt 00:00:03]} Qb6 {[%clk 00:13:28]}
{[%emt 00:00:36]} 12. Ne2 {[%clk 00:14:35]} {[%emt 00:00:21]} Bb5 {[%clk
00:13:06]} {[%emt 00:00:25]} 13. O-O {[%clk 00:14:37]} {[%emt 00:00:04]} Nd6
{[%clk 00:12:27]} {[%emt 00:00:44]} 14. Re1 {[%clk 00:13:51]} {[%emt 00:00:52]}
O-O {[%clk 00:12:14]} {[%emt 00:00:18]} 15. Ng3 {[%clk 00:13:53]} {[%emt
00:00:03]} Rfd8 {[%clk 00:11:55]} {[%emt 00:00:23]} 16. Bc5 {[%clk 00:13:33]}
{[%emt 00:00:25]} Qc7 {[%clk 00:11:53]} {[%emt 00:00:07]} 17. Qg4 {[%clk
00:13:26]} {[%emt 00:00:12]} Bd3 {[%clk 00:11:33]} {[%emt 00:00:24]} 18. h4
{[%clk 00:13:19]} {[%emt 00:00:13]} Rab8 {[%clk 00:11:19]} {[%emt 00:00:18]} 19.
b4 {[%clk 00:12:50]} {[%emt 00:00:34]} Nb5 {[%clk 00:10:22]} {[%emt 00:01:02]}
20. a4 {[%clk 00:12:23]} {[%emt 00:00:33]} Nd6 {[%clk 00:10:01]} {[%emt
00:00:26]} 21. Red1 {[%clk 00:12:08]} {[%emt 00:00:20]} Bf5 {[%clk 00:08:45]}
{[%emt 00:01:21]} 22. Qf4 {[%clk 00:12:10]} {[%emt 00:00:02]} Qd7 {[%clk
00:08:39]} {[%emt 00:00:12]} 23. f3 {[%clk 00:11:38]} {[%emt 00:00:37]} Nc4
{[%clk 00:08:11]} {[%emt 00:00:32]} 24. e4 {[%clk 00:11:16]} {[%emt 00:00:28]}
dxe4 {[%clk 00:07:22]} {[%emt 00:00:54]} 25. fxe4 {[%clk 00:11:16]} {[%emt
00:00:05]} Nb2 {[%clk 00:06:12]} {[%emt 00:01:14]} 26. exf5 {[%clk 00:10:50]}
{[%emt 00:00:32]} Nxd1 {[%clk 00:06:06]} {[%emt 00:00:10]} 27. Rxd1 {[%clk
00:10:13]} {[%emt 00:00:43]} Qd5 {[%clk 00:05:26]} {[%emt 00:00:44]} 28. f6
{[%clk 00:09:56]} {[%emt 00:00:22]} gxf6 {[%clk 00:02:57]} {[%emt 00:02:35]} 29.
Qh6 {[%clk 00:09:41]} {[%emt 00:00:20]} Re8 {[%clk 00:00:48]} {[%emt 00:02:13]}
30. Nh5 {[%clk 00:09:41]} {[%emt 00:00:06]} 1-0

[Event "Elite Hotels Open 2025"]
[Site "Elite Stadshotellet, Växjö, Sweden"]
[Date "2025.02.07"]
[Round "1.13"]
[White "Hjerpe, Victor"]
[Black "Grahn, Vidar"]
[Result "0-1"]
[TimeControl "R1-4: 15 min + 5 sek, R5-8: 90 min + 30 sek"]
[BlackTitle "FM"]
[WhiteElo "1863"]
[BlackElo "2252"]

1. e4 {[%clk 00:15:08]} {[%emt 00:00:02]} e5 {[%clk 00:15:09]} {[%emt
00:00:02]} 2. Nf3 {[%clk 00:15:05]} {[%emt 00:00:07]} Nc6 {[%clk 00:15:12]}
{[%emt 00:00:02]} 3. Bc4 {[%clk 00:14:55]} {[%emt 00:00:15]} Nf6 {[%clk
00:15:14]} {[%emt 00:00:02]} 4. d3 {[%clk 00:14:50]} {[%emt 00:00:11]} Bc5
{[%clk 00:15:15]} {[%emt 00:00:03]} 5. c3 {[%clk 00:14:47]} {[%emt 00:00:09]}
O-O {[%clk 00:15:15]} {[%emt 00:00:05]} 6. Nbd2 {[%clk 00:14:50]} d5 {[%clk
00:15:12]} {[%emt 00:00:10]} 7. Bb3 {[%clk 00:14:30]} {[%emt 00:00:26]} dxe4
{[%clk 00:15:02]} {[%emt 00:00:15]} 8. dxe4 {[%clk 00:14:29]} {[%emt 00:00:06]}
Qe7 {[%clk 00:14:43]} {[%emt 00:00:22]} 9. Qe2 {[%clk 00:14:31]} {[%emt
00:00:04]} a5 {[%clk 00:14:21]} {[%emt 00:00:27]} 10. Nf1 {[%clk 00:13:30]}
{[%emt 00:01:07]} a4 {[%clk 00:13:07]} {[%emt 00:01:18]} 11. Bc2 {[%clk
00:13:33]} {[%emt 00:00:02]} Ng4 {[%clk 00:12:08]} {[%emt 00:01:05]} 12. Ne3
{[%clk 00:13:34]} {[%emt 00:00:03]} Nxe3 13. Bxe3 {[%clk 00:13:37]} Be6 {[%clk
00:11:58]} {[%emt 00:00:18]} 14. Ng5 {[%clk 00:13:05]} {[%emt 00:00:38]} Bc4
{[%clk 00:10:44]} {[%emt 00:01:19]} 15. Bxc5 {[%clk 00:09:58]} {[%emt
00:03:12]} Qxc5 {[%clk 00:10:43]} {[%emt 00:00:05]} 16. Bd3 {[%clk 00:08:13]}
{[%emt 00:01:51]} Bxd3 {[%clk 00:10:41]} {[%emt 00:00:07]} 17. Qxd3 {[%clk
00:08:17]} h6 {[%clk 00:10:22]} {[%emt 00:00:24]} 18. Nf3 {[%clk 00:08:13]}
{[%emt 00:00:10]} Rfd8 {[%clk 00:10:22]} {[%emt 00:00:04]} 19. Qe2 {[%clk
00:08:17]} a3 {[%clk 00:10:14]} {[%emt 00:00:13]} 20. O-O {[%clk 00:07:55]}
{[%emt 00:00:27]} axb2 {[%clk 00:08:29]} {[%emt 00:01:50]} 21. Qxb2 {[%clk
00:07:58]} Ra3 {[%clk 00:07:55]} {[%emt 00:00:39]} 22. Qxb7 {[%clk 00:06:41]}
{[%emt 00:01:23]} Rb8 {[%clk 00:07:30]} {[%emt 00:00:29]} 23. Qxc7 {[%clk
00:06:06]} {[%emt 00:00:42]} Ra7 {[%emt 00:00:03]} 0-1

[Event "Elite Hotels Open 2025"]
[Site "Elite Stadshotellet, Växjö, Sweden"]
[Date "2025.02.07"]
[Round "1.14"]
[White "Gajic, Mladen"]
[Black "Danelius, Fredrik"]
[Result "1-0"]
[TimeControl "R1-4: 15 min + 5 sek, R5-8: 90 min + 30 sek"]
[WhiteTitle "FM"]
[WhiteElo "2251"]
[BlackElo "1860"]

1. e4 {[%clk 00:15:08]} {[%emt 00:00:01]} c5 {[%clk 00:15:06]} {[%emt
00:00:04]} 2. c3 {[%clk 00:15:12]} Nf6 {[%clk 00:15:02]} {[%emt 00:00:08]} 3.
e5 {[%clk 00:15:16]} {[%emt 00:00:02]} Nd5 {[%emt 00:00:05]} 4. Bc4 {[%clk
00:15:14]} {[%emt 00:00:04]} e6 {[%clk 00:14:59]} {[%emt 00:00:11]} 5. Nf3
{[%emt 00:00:03]} b6 {[%clk 00:14:44]} {[%emt 00:00:18]} 6. O-O {[%clk
00:15:17]} {[%emt 00:00:07]} Bb7 {[%clk 00:14:46]} {[%emt 00:00:02]} 7. d4
{[%clk 00:14:57]} {[%emt 00:00:25]} d6 {[%clk 00:13:59]} {[%emt 00:00:52]} 8.
Qe2 {[%clk 00:14:44]} {[%emt 00:00:19]} Nc6 {[%clk 00:12:47]} {[%emt 00:01:16]}
9. Bxd5 {[%clk 00:14:11]} {[%emt 00:00:38]} exd5 {[%clk 00:12:41]} {[%emt
00:00:11]} 10. exd6+ {[%clk 00:14:09]} {[%emt 00:00:07]} Kd7 {[%clk 00:12:33]}
{[%emt 00:00:12]} 11. Ne5+ {[%clk 00:12:12]} {[%emt 00:02:04]} Nxe5 {[%clk
00:12:27]} 12. dxe5 {[%clk 00:12:16]} f6 {[%clk 00:11:22]} {[%emt 00:01:10]} 13.
f4 {[%clk 00:12:18]} {[%emt 00:00:04]} g6 {[%clk 00:09:37]} {[%emt 00:01:49]}
14. b4 {[%clk 00:09:48]} {[%emt 00:02:35]} cxb4 {[%clk 00:07:57]} {[%emt
00:01:45]} 15. cxb4 {[%clk 00:09:47]} {[%emt 00:00:05]} Rc8 {[%clk 00:07:34]}
{[%emt 00:00:29]} 16. Bb2 {[%clk 00:08:42]} {[%emt 00:01:10]} Bg7 {[%clk
00:07:21]} {[%emt 00:00:18]} 17. Na3 {[%clk 00:08:35]} {[%emt 00:00:12]} Bc6
{[%clk 00:05:47]} {[%emt 00:01:39]} 18. Nc2 {[%clk 00:07:08]} {[%emt 00:01:32]}
Re8 {[%clk 00:05:11]} {[%emt 00:00:40]} 19. Qa6 {[%clk 00:06:19]} {[%emt
00:00:55]} 1-0

[Event "Elite Hotels Open 2025"]
[Site "Elite Stadshotellet, Växjö, Sweden"]
[Date "2025.02.07"]
[Round "1.15"]
[White "Ibrahimli, Nihad"]
[Black "Reid, Gregor J M"]
[Result "0-1"]
[TimeControl "R1-4: 15 min + 5 sek, R5-8: 90 min + 30 sek"]
[WhiteElo "1860"]
[BlackElo "2237"]

1. c4 {[%clk 00:15:07]} {[%emt 00:00:03]} Nf6 {[%clk 00:15:06]} {[%emt
00:00:03]} 2. Nc3 {[%clk 00:15:08]} {[%emt 00:00:05]} g6 {[%clk 00:15:08]}
{[%emt 00:00:03]} 3. e4 {[%clk 00:15:07]} {[%emt 00:00:06]} d6 {[%clk
00:15:10]} {[%emt 00:00:02]} 4. g3 {[%clk 00:15:04]} {[%emt 00:00:10]} Bg7
{[%clk 00:15:11]} {[%emt 00:00:02]} 5. Bg2 {[%clk 00:14:59]} {[%emt 00:00:10]}
O-O {[%clk 00:15:11]} {[%emt 00:00:05]} 6. d4 {[%clk 00:14:44]} {[%emt
00:00:20]} Nc6 {[%clk 00:15:05]} {[%emt 00:00:10]} 7. Nge2 {[%clk 00:14:46]}
{[%emt 00:00:04]} e5 {[%clk 00:15:03]} {[%emt 00:00:07]} 8. d5 {[%clk
00:14:35]} {[%emt 00:00:17]} Nd4 {[%clk 00:15:01]} {[%emt 00:00:06]} 9. O-O
{[%clk 00:14:14]} {[%emt 00:00:26]} c5 {[%clk 00:13:34]} {[%emt 00:01:32]} 10.
h3 {[%clk 00:12:55]} {[%emt 00:01:25]} Nh5 {[%clk 00:12:45]} {[%emt 00:00:52]}
11. g4 {[%clk 00:11:23]} {[%emt 00:01:38]} Nf4 {[%clk 00:11:07]} {[%emt
00:01:43]} 12. Nxf4 {[%clk 00:10:38]} {[%emt 00:00:51]} exf4 {[%clk 00:11:09]}
{[%emt 00:00:02]} 13. Bxf4 {[%clk 00:10:32]} {[%emt 00:00:12]} f5 {[%clk
00:11:02]} {[%emt 00:00:11]} 14. exf5 {[%clk 00:10:16]} {[%emt 00:00:22]} gxf5
{[%clk 00:10:55]} {[%emt 00:00:12]} 15. g5 {[%clk 00:10:10]} {[%emt 00:00:10]}
a6 {[%clk 00:10:50]} {[%emt 00:00:10]} 16. a4 {[%clk 00:08:47]} {[%emt
00:01:28]} Rb8 {[%clk 00:08:51]} {[%emt 00:02:04]} 17. Qh5 {[%clk 00:06:31]}
{[%emt 00:02:22]} Bd7 {[%clk 00:08:15]} {[%emt 00:00:40]} 18. Bxd6 {[%clk
00:05:59]} {[%emt 00:00:38]} Be8 {[%clk 00:08:04]} {[%emt 00:00:16]} 19. Qd1
{[%clk 00:03:24]} {[%emt 00:02:40]} Qxd6 {[%clk 00:08:03]} {[%emt 00:00:06]} 20.
f4 {[%clk 00:03:26]} {[%emt 00:00:03]} b5 {[%clk 00:07:22]} {[%emt 00:00:45]}
21. axb5 {[%clk 00:02:55]} {[%emt 00:00:37]} axb5 {[%clk 00:07:24]} {[%emt
00:00:03]} 22. b3 {[%clk 00:01:48]} {[%emt 00:01:12]} bxc4 {[%clk 00:06:36]}
{[%emt 00:00:53]} 23. bxc4 {[%clk 00:01:52]} Rb2 {[%clk 00:06:23]} {[%emt
00:00:17]} 24. Qc1 {[%clk 00:01:10]} {[%emt 00:00:48]} Rc2 {[%clk 00:06:16]}
{[%emt 00:00:12]} 25. Nb5 {[%clk 00:00:53]} {[%emt 00:00:23]} Bxb5 {[%clk
00:05:53]} {[%emt 00:00:27]} 0-1